Dictionary of politics / (Record no. 65636)

MARC details
000 -LEADER
fixed length control field 00415nam a22001457a 4500
005 - DATE AND TIME OF LATEST TRANSACTION
control field 20180727113935.0
020 ## - INTERNATIONAL STANDARD BOOK NUMBER
International Standard Book Number 8176486086
Terms of availability 395.00
035 ## - SYSTEM CONTROL NUMBER
System control number B-158603, B-158602
037 ## - SOURCE OF ACQUISITION
Stock number DPL
Source of stock number/acquisition ENG
100 ## - MAIN ENTRY--PERSONAL NAME
Personal name Mahmood, M.
245 ## - TITLE STATEMENT
Title Dictionary of politics /
Statement of responsibility, etc by M. Mahmood
260 ## - PUBLICATION, DISTRIBUTION, ETC. (IMPRINT)
Place of publication, distribution, etc New Delhi
Name of publisher, distributor, etc A.P.H. Publishing Corporation
Date of publication, distribution, etc 2004
300 ## - PHYSICAL DESCRIPTION
Extent 186p.
Dimensions 20 cms.
942 ## - ADDED ENTRY ELEMENTS (KOHA)
Source of classification or shelving scheme Dewey Decimal Classification
Item type English Books
Classification part 320.03
Call number suffix MAH
Holdings
Withdrawn status Lost status Not for loan Collection code Home library Current library Date acquired Cost, normal purchase price Full call number Barcode Cost, replacement price Koha item type Source of acquisition
      Non-fiction Patel Nagar Patel Nagar 27/07/2018 395.00 320.03 MAH B-158602 395.00 English Books BPPD/PUB
      Non-fiction Sarojini Nagar Sarojini Nagar 25/04/2012 395.00 320.03 MAH B-158603 395.00 English Books  

© Delhi Public Library
Hit Counter
free hit counter